|
|
|
|
| LEADER |
00000nam a2200000 4500 |
| 001 |
vtls012072310 |
| 003 |
SK-MaSNL |
| 005 |
20260301104228.0 |
| 007 |
co bg auuua |
| 008 |
211007s2018 xo fq 100 0 slo |
| 015 |
|
|
|a SNBS2021
|
| 020 |
|
|
|a 9788055219332
|q (elektronická kniha)
|
| 040 |
|
|
|a SNK
|b slo
|c SNK
|e rda
|
| 041 |
0 |
|
|a slo
|a cze
|b eng
|
| 044 |
|
|
|a xo
|c SK
|
| 072 |
|
7 |
|2 konspekt
|
| 080 |
|
|
|2 2011
|
| 111 |
2 |
|
|a Prosperujúce plodiny
|n (
|d 2018 :
|c Jaslovské Bohunice, Slovensko)
|9 442624
|
| 245 |
1 |
0 |
|a Prosperujúce plodiny 2018
|b zborník konferencie s medzinárodnou účasťou, 7.12.2018 Jaslovské Bohunice
|c zostavovatelia: Peter Bokor, David Bečka, Jan Vašák, Pavel Cihlář, Helena Zukalová
|
| 246 |
3 |
0 |
|a Prosperujúce plodiny - poznatky z výskumu a praxe
|
| 246 |
3 |
1 |
|a Prosperous crops - research knowledge and practice
|
| 264 |
|
1 |
|a Nitra
|b Slovenská poľnohospodárska univerzita v Nitre
|c 2018
|
| 300 |
|
|
|a 1 CD-ROM
|c 12 cm
|
| 336 |
|
|
|a text
|b txt
|2 rdacontent
|
| 337 |
|
|
|a počítač
|b c
|2 rdamedia
|
| 338 |
|
|
|a počítačový disk
|b cd
|2 rdacarrier
|
| 347 |
|
|
|a textový súbor
|b PDF
|2 rda
|
| 366 |
|
|
|e 100 kusov
|
| 655 |
|
7 |
|a CD-ROM
|2 SNKPH
|9 70236
|
| 700 |
1 |
|
|a Bokor, Peter,
|d 1969-
|4 com
|9 189660
|
| 700 |
1 |
|
|a Bečka, David
|4 com
|9 361021
|
| 700 |
1 |
|
|a Vašák, Jan
|4 com
|9 361022
|
| 700 |
1 |
|
|a Cihlář, Pavel,
|d 1975-
|4 com
|9 119074
|
| 700 |
1 |
|
|a Zukalová, Helena
|4 com
|9 361023
|
| 919 |
|
|
|a 978-80-552-1933-2
|
| 999 |
|
|
|c 697608
|d 699538
|
| 952 |
|
|
|a SNK
|b SNK
|y PREZ
|7 0
|p 17A1457579
|o snkSCDM 11991
|i snk2021/14834
|8 0
|0 0
|1 0
|4 0
|d 2021-10-07
|l 0
|r 2026-02-23 20:47:01
|w 2026-02-23
|